000 00504nam a22001817a 4500
003 BPGM
008 260626b mx ||||| |||| 001 0 spa d
040 _bspa
240 _aLL
245 _aLA GUERRA DE LA INDEPENDENCIA EN QUERÉTARO 1810-1821
250 _a2010
260 _aMÉXICO
_bINSTITUTO DE ESTUDIOS CONSTITUCIONALES
300 _a878
_c29 cm x 24 cm
336 _2rdacontent
_atexto
_btxt
337 _2rdamedia
_asin mediación
_bn
338 _2rdacarrier
_avolumen
_bnc
942 _2ddc
_cCOLQ
999 _c68675
_d68675